Ensueño

محفوظ في:
التفاصيل البيبلوغرافية
المؤلف الرئيسي: Hoffmann, Hannia
التنسيق: كتاب
اللغة:Undetermined
منشور في: San José, Costa Rica Taller literario Hannia Hoffmann 1997
الموضوعات:
الوسوم: إضافة وسم
لا توجد وسوم, كن أول من يضع وسما على هذه التسجيلة!

MARC

LEADER 00000nam a2200000Ia 4500
008 170316s9999 xx 000 0 und d
040 |a cru BVZT 
090 |a 868 H-3.1e 
100 |a Hoffmann, Hannia 
245 |a Ensueño 
260 |a San José, Costa Rica 
260 |b Taller literario Hannia Hoffmann 
260 |c 1997 
300 |a 76 páginas 
650 |a LITERATURA COSTARRICENSE 
999 |c 11202  |d 11202 
942 |c 15 D  |h 868 H-3.1e  |2 z